000 00554nam a2200169 a 4500
001 000042936
005 20201002040518.0
008 140213s20uu sp bc 000 0 spa d
020 _a8436938100
040 _aDO-SdBNP
_bspa
_cBNPHU
245 0 3 _aEl Cuarto Viaje de Colón :
_bdel sueño asiático a la realidad americana.
260 _aEspaña
_aMinisterio de Educación, Cultura y Deporte,
_c[20uu].
300 _a79 p. :
_bmapa, retrs. ;
_c28 cm.
490 1 _aArchivos Estatales
504 _aBibliografía p: 79
830 0 _aArchivos Estatales
_970420
999 _c42425
_d42425